Als das Haff bis Tilsit reichte
| Titel: | Als das Haff bis Tilsit reichte : Die Wasserwirtschaft der Niederung im Memeldelta |
|---|---|
| Verfasser: | |
| In: |
Das Ostpreußenblatt, Band 51, Heft 41 (2000), Seite 12 alle Artikel anzeigen |
| Veröffentlicht: | 2000 |
| Format: | Aufsatz |
| Sprache: | Deutsch |
X
alg: 39171167 001A $01999:11-11-16 001B $01999:25-04-21 $t10:54:09.000 001C $06050:19-11-16 $t09:17:45.000 001D $01999:11-11-16 001U $0utf8 001X $00 002@ $0Aox 003@ $0391711679 007A $0391711679 $aHEB 007T $0Herd27455 010@ $ager 011@ $a2000 021A $aAls das Haff bis Tilsit reichte $dDie Wasserwirtschaft der Niederung im Memeldelta 028A $aSudau $dHans-Dieter 031A $d51 $e41 $h12 $j2000 039B $aIn $8--Abvc--. Das @Ostpreußenblatt. - Hamburg : Landsmannschaft, 1950-2003. - ISSN 0947-9597 $x200000000510041988 $9047780835 045F $a330.094793 $eDDC23BSB 045F/01 $a330.09 045F/03 $g4793 045F/03 $g4382 045F/03 $g43832 045T $a7,41 $a8,1 lok: 39171167 78 exp: 39171167 78 1 #EPN 201B/01 $001-10-18 $t23:15:24.000 201U/01 $0utf8 203@/01 $0787806382 208@/01 $a11-11-16 $be 209A/01 $a/ $f000 $x00 220C/01 $aTitelaufnehmer: ej 244Z/01 $2Trx $#Litauen $#Lithuania $#Litwa $#Litva $#Litva $8--Trx--Lietuva $x01 $9391193457 244Z/01 $2Trx $#Prusy Wschodnie i Zachodnie $8--Trx--Ost- und Westpreußen $x02 $939113373X 244Z/01 $2Trx $#Tilžė $#Tilsit $#Tylża $#Tylža $8--Trx--Sovetsk $x03 $9391301691 244Z/01 $#Njemen $#Nemunas $#Neman $#Niemen $#Nemunas upė $#Nemunas jõgi $#Nemūna upe $#Neman River $#Niemen rzeka $#Neman reka $#Němen řeka $74038578-4 $8--Tg1--Memel$gFluss $x04 $9085105392 244Z/01 $2Trx $#veetööstus $#vandens ūkis $#water works $#vízgazdálkodás $#gospodarka wodna $#vodné hospodárstvo $#hospodářství vodní $8--Trx--Wasserwirtschaft $x05 $9391363964 244Z/01 $2Trx $#jõed $#upės $#Rivers $#folyók $#rzeki $#rieky $#řeky $8--Trx--Flüsse $x06 $9391373870 244Z/01 $2Trx $8--Trx--Zeitschriftenaufsatz $x07 $9391384341 245Z/01 $a09.06 $x01 247C/01 $82080>Marburg/Lahn, Herder-Institut, Forschungsbibliothek, Bibliographieportal $9336309341
| LEADER | 00000caa a22000002c 4500 | ||
|---|---|---|---|
| 001 | 391711679 | ||
| 003 | DE-603 | ||
| 005 | 20210425105409.0 | ||
| 007 | tu | ||
| 008 | 161111s2000 xx |||| | u00||u|ger c | ||
| 035 | |a (DE-599)HEB391711679 | ||
| 040 | |a DE-603 |b ger |c DE-603 |d DE-603 | ||
| 041 | |a ger | ||
| 082 | 0 | 4 | |8 1\u |a 330.094793 |q DE-101 |2 23/BSB |
| 084 | |a 7,41 |a 8,1 |2 ssgn | ||
| 085 | |8 1\u |b 330.09 | ||
| 085 | |8 1\u |z 2 |s 4793 | ||
| 085 | |8 1\u |z 2 |s 4382 | ||
| 085 | |8 1\u |z 2 |s 43832 | ||
| 100 | 1 | |a Sudau, Hans-Dieter | |
| 245 | 0 | 0 | |a Als das Haff bis Tilsit reichte |b Die Wasserwirtschaft der Niederung im Memeldelta |
| 264 | 0 | |c 2000 | |
| 773 | 0 | 8 | |i In |t Das Ostpreußenblatt |d Hamburg : Landsmannschaft, 1950-2003 |x 0947-9597 |g Band 51, Heft 41 (2000), Seite 12 |w (DE-603)047780835 |w (DE-600)529299-2 |
| 924 | 0 | |9 2080 |a (DE-603)787806382 |b DE-2080 |c HES |d d |g / | |


